Sports Quiz

Random Sports Quiz

England Managers Quiz Stats

 Plays Quiz not verified by Sporcle

Support Sporcle.
Go Orange.
Score 0/16 Timer 04:00
0 Plays Today
Reign Manager % Correct
2001-06Sven-Goran Eriksson
93%
2008-2012Fabio Capello
92.8%
2012-Roy Hodgson
89%
2006-07Steve McClaren
86.9%
1982-90Sir Bobby Robson
85.6%
1963-74Sir Alf Ramsey
85.1%
1996-99Glenn Hoddle
83.8%
1999-2000Kevin Keegan
81.9%
Reign Manager % Correct
1994-96Terry Venables
78.7%
1990-93Graham Taylor
78.6%
2000Peter Taylor
76.5%
1974-77Don Revie
56.8%
1977-82Ron Greenwood
44.6%
1946-62Walter Winterbottom
44.4%
1999 & 2000Howard Wilkinson
42.7%
1974Joe Mercer
17.9%

You're not logged in!

Compare scores with friends on all Sporcle quizzes.
OR
Log In

From the Vault

Holiday Shoes

by El_Dandy

We're not sure we'd want to walk a mile in these shoes.
Remove Ads.
Support Sporcle.
Get the best of Sporcle when you Go Orange. This ad-free experience offers more features, more stats, and more fun while also helping to support Sporcle. Thank you for becoming a member.

Show Comments

Extras

Created Oct 9, 2009ReportNominate
Tags:England, Manager

Top Quizzes Today


Score Distribution

Your Account Isn't Verified!

In order to create a playlist on Sporcle, you need to verify the email address you used during registration. Go to your Sporcle Settings to finish the process.

Report this User

Report this user for behavior that violates our Community Guidelines.

Details: